Online Catalogue and eLibrary

Feminism and deconstruction : (Record no. 50)

MARC details
000 -LEADER
fixed length control field 00626cam a2200217 a 4500
001 - CONTROL NUMBER
control field 2052297
005 - DATE AND TIME OF LATEST TRANSACTION
control field 20231122010235.0
008 - FIXED-LENGTH DATA ELEMENTS--GENERAL INFORMATION
fixed length control field 930909s1994 enk b 001 0 eng
020 ## - INTERNATIONAL STANDARD BOOK NUMBER
ISBN 0415091659
020 ## - INTERNATIONAL STANDARD BOOK NUMBER
ISBN 0415091667 (pbk.)
040 ## - CATALOGING SOURCE (பட்டியலாக்க மூலம்)
Original cataloging agency DLC
Transcribing agency DLC
Modifying agency DLC
082 00 - DDC Classification
Class No. 305.42/01
DDC Edition Number 20
Item Number - Author Mark DIA
100 1# - MAIN ENTRY--PERSONAL NAME
Personal name Elam, Diane,
245 10 - TITLE STATEMENT
Title Feminism and deconstruction :
Remainder of title Ms. en abyme /
Statement of responsibility, etc. Diane Elam.
260 ## - PUBLICATION, DISTRIBUTION, ETC.
Place of publication, distribution, etc. London ;
-- New York :
Name of publisher, distributor, etc. Routledge,
Date of publication, distribution, etc. 1994.
300 ## - PHYSICAL DESCRIPTION
Extent (e.g. Volumes, Pages etc.) x, 154 p. ;
650 #0 - SUBJECT ADDED ENTRY--TOPICAL TERM
Topical term or geographic name entry element Feminist theory.
650 #0 - SUBJECT ADDED ENTRY--TOPICAL TERM
Topical term or geographic name entry element Deconstruction.
856 42 - ELECTRONIC LOCATION AND ACCESS
Uniform Resource Identifier <a href="http://www.loc.gov/catdir/enhancements/fy0648/93037369-d.html">http://www.loc.gov/catdir/enhancements/fy0648/93037369-d.html</a>
942 ## - Koha item type (Biblio)
Koha item type Books in Stacks (Lending)
Holdings
Lost status Damaged status Collection code Home library Current library Date acquired Full call number Accession Number Item type
    Lending WERC Library WERC Library 11/22/2023 305.42/01 DIA 5154 Books in Stacks (Lending)

© WERC Library